000 00537nam a2200217Ia 4500
003 OSt
005 20250812150919.0
008 210210b2010 xxu||||| |||| 00| 0 eng d
020 _a8131602079
040 _cAL
041 _aeng
082 _a362.6 SRIW
100 _aVineeta Srivastava
_9235182
245 _aWomen ageing
_b: social work intervention
260 _aJaipur
_bRawat Publications
_c2010
300 _axi,305p
650 _aWomen
_9235183
690 _aSocial Problems
_9235184
906 _a065108
942 _2ddc
_cBK
999 _c141689
_d141689